000 00682cam a2200241 a 4500
001 sa 66000359
003 DLC
005 20260227112214.0
008 890427s1963 ii 000 0 hino
010 _asa 66000359
035 _a(OCoLC)19614099
040 _aDLC
_cDLC
041 0 _ahin
_aeng
043 _aa-ii---
050 0 0 _aPK1931
_b.S197 1963
100 1 _aŚarmā, Kāmeśvara,
_d1926-
245 1 0 _aHindī kī samasyāem̐ /
_clekhaka, Kāmeśvara Śarmā.
260 _aPaṭanā :
_bNovelṭī eṇḍa Kampanī,
_c1963.
300 _a202 p. ;
_c22 cm.
546 _aIn Hindi with passages in English.
650 0 _aHindi language.
651 0 _aIndia
_xLanguages.
999 _c67193
_d67193